MDQL
is popping MORE tags! Check the
thread
!
Quizzes
Events
Quiz Creation
Community
Videos
Private Events
Remove Ads
Sign In
Join for FREE
Feedback
Dark Mode
Quiz Categories
Sports
Geography
Music
Movies
Television
Just For Fun
Miscellaneous
History
Literature
Language
Science
Gaming
Entertainment
Religion
Holiday
For Kids
Quiz Lab
Recent
Popular Today
Quiz Kudos Today
Editor Picks
Curator Picks
Quizzes by...
Day
Popularity
Type
Ratings
Length
Year
Community
Subscriptions
Recent Discussions
Orange Saloon
Badges
Playlists
Quests
Create
Leaderboards
Showdown
Live 5
Trivia Bingo
Activity
Puzzle Library
Sporcle Events
Private Events
Virtual Trivia
Globe League
Become a Host
Pub Owners
SporcleCon
Opinionation
Our Games
Videos
Blog
Mobile Apps
Partnerships
Remove Ads and Go Orange
Feedback
Just For Fun
Clickable
Get the Picture
Humor
Quick Pick
Word Ladder
Missing Word
Mixed Word
Blitz
Minefield
This or That
Alphabet
Color
Typing
Sporcle
Puzzle
Word Play
Follow That Line
Logic
Just For Fun
Clickable
Get the Picture
Humor
Quick Pick
Word Ladder
Missing Word
Mixed Word
Blitz
Minefield
This or That
Alphabet
Color
Typing
Sporcle
Puzzle
Word Play
Follow That Line
Logic
Random Quiz
Search Sporcle
×
Quiz Lab
Quiz Lab
Just For Fun
Animal
Type in answers that appear in a list
Type in answers that appear in a list
Classic
Best Score? Go Orange.
Sayings About Animals #2 Stats
The missing words in these popular cliches are the names of animals. See if you can guess them
By
Vexillologer
10m
20 Questions
63 Plays
63 Plays
63 Plays
Comments
Comments
Give Quiz Kudos
Give Quiz Kudos
-
- Ratings
hide this ad
More Info
Replay
Link that replays current quiz
Next Quiz
Link to next quiz in quiz playlist
You Got
0%
They Got
Avg Score
78%
Avg Friend Score
Upgrade to see
Score Distribution
Jump to the score distribution portion of the page
Score
0/20
Timer
10:00
0
Plays Today
Cliche
Blank
% Correct
... of a feather flock together
Birds
95.2%
It's raining cats and ...
dogs
95.2%
Like a ... out of water
fish
95.2%
Wild ... chase
goose
95.2%
The ...'s knees
bee
91.9%
The straw that broke the ...'s back
camel
90.3%
Take the .. by the horns
bull
90.3%
When the cat's away, the ... will play
mice
90.3%
There's more than one way to skin a ...
cat
88.7%
A ... can't change his spots
leopard
87.1%
Cliche
Blank
% Correct
Get your ... in a row
ducks
85.5%
Till the ... come home
cows
83.9%
... in the belfry
Bats
74.2%
Have a ... on one's back
monkey
67.7%
Dog and ... show
pony
64.5%
Like a ... to a slaughter
lamb
64.5%
A ... in every pot
chicken
62.9%
Go ... wild
hog
62.9%
Jive ...
turkey
50%
Don't change ... in mid-
stream
horses
40.3%
Quiz Playlist
Details
Report
Send in Message
Add To Playlist
More Info:
Some answers are plural
Classic:
Type in answers that appear in a list
Last Updated: Sep 13, 2019
Quiz Scoreboard
CHALLENGE
Sign Up to Join the Scoreboard
Show All
Scores
Hide
Comments
May contain spoilers
Recently Published
1-10 Letter E Words III
by El_Dandy
Language
2m
Street Fighter Characters
by Artimus82
Gaming
60s
College Basketball Coaching Resumes
by pancakes188
Sports
9m
More to Explore
Quiz From the Vault
Featured Blog Post
Where Did the Easter Bunny Come From?
hide this ad
You Might Also Like...
Tags
Animal Quiz
Popular Quiz
blank
cliche
Saying
Today's Top Quizzes in Just For Fun
Browse Just For Fun
hide this ad
Today's Top Quizzes in Animal
Browse Animal
Top Contributed Quizzes in Just For Fun
1
Name Just One - 10 to 1: Just For Fun
2
Killer Double Trees 224 - Colour Match-Up
3
Spring Typing Challenge
4
Crossword Whiteout! 49
5
Zeroing In: Just For Fun
6
Survivor Winners Logic Puzzle
7
Word Ladder: Ahoy Matey
8
Word Ladder: Wilderness Weapon
9
Kyle's 122nd Triple Trees
10
Clickable Animal Jokes #2
Explore More
Trending Topics
Marvel
Anime
Harry Potter
NBA
Crossword
Disney
Kpop
Song
Pokémon
WWE
Soccer
Puzzle
The Office
Country
NFL
hide this ad
More By:
Vexillologer
Quiz
Plays
Rating
Category
Featured
Created
Northernmost Major Cities Quiz
3,580
4.95
Geography
Sep 22, 2019
Biggest Great Lake Cities
3,338
4.71
Geography
Aug 28, 2019
Animal Anatomy Quiz
1,718
4.67
Science
Jan 2, 2020
Biggest Cities by Language Quiz
1,716
4.32
Geography
Mar 29, 2020
Movies with Animals in the Title
1,529
4.71
Movies
Feb 10, 2019
Go to Creator's Profile
Score Distribution
Quiz Creator Spotlight
Vexillologer
Follow
Send a Message
Quizzes Created
-
Created Quiz Play Count
-
More By This Creator
Popular Quizzes Today
1
Find the US States - No Outlines Minefield
2
Find the Countries of Europe - No Outlines Minefield
3
The Countries of the World
4
Find the US States
5
Risky Map Clicking: Biggest States A-Z
6
US States
7
Popular People in 1961
8
Movies - When Are They Set?
More Just For Fun Quizzes
Quick Pick: Compounds with Hydrogen
Published
Trending Quizzes
Risky Map Clicking: Least Populous States A-Z
Billboard Blitz: Aretha Franklin
Famous Russians: Author or Composer?
Countries of the World: 200 Million BC
1-10 Letter G Words
Recently Updated
Leaping Animals
pecheneg
Reality TV Shows (A-Z)
bhenderson79
Rickey Henderson's Hall of Fame Teammates
pecheneg
Champions League XIs: Arsenal
pecheneg
Quick Pick: Celebrities in WWE's Hall of Fame
aduchscher
A-Z Keypad Blitz II
pecheneg
Multiple Oscar Actors
pecheneg
Mystery Phrase Blitz: Oscar 'Best Actors'
pecheneg
F. Scott Fitzgerald Novels
LTH
Pick 3 Villains
ddd62291
Trending Topics
Anime
NBA
Crossword
Kpop
Marvel
Disney
Harry Potter
The Office
Pokémon
Puzzle
WWE
Song
Soccer
NFL
Country
Your Account Isn't Verified!
In order to create a playlist on Sporcle, you need to verify the email address you used during registration. Go to your
Sporcle Settings
to finish the process.
Report this User
Report this user for behavior that violates our
Community Guidelines
.
Details:
Send Report
Go to the Sporcle.com Mobile Site →
Comments